Героическая оборона Петропавловск-Камчатского в 1854 г. (Запись № 251384)

Подробности
000 -МАРКЕР
контрольное поле 01649nam0a2200301 4500
001 - ИДЕНТИФИКАТОР ЗАПИСИ
контрольное поле RU\NLR\bibl\958224
005 - ИДЕНТИФИКАТОР ВЕРСИИ
контрольное поле 20260408200952.0
035 ## - ДРУГИЕ СИСТЕМНЫЕ НОМЕРА
Идентификатор записи (NLR Aleph) 000946279
100 ## - ДАННЫЕ ОБЩЕЙ ОБРАБОТКИ
Данные общей обработки 20060609d2004 |||y0rusy50 ca
101 0# - ЯЗЫК РЕСУРСА
Язык текста, звукозаписи и т.д. русский
102 ## - СТРАНА ПУБЛИКАЦИИ ИЛИ ПРОИЗВОДСТВА
Страна публикации российская федерация
105 ## - ПОЛЕ КОДИРОВАННЫХ ДАННЫХ: ТЕКСТОВЫЕ МАТЕРИАЛЫ, МОНОГРАФИЧЕСКИЕ
Кодированные данные о монографическом текстовом документе a |||||||||
200 1# - ЗАГЛАВИЕ И СВЕДЕНИЯ ОБ ОТВЕТСТВЕННОСТИ
Основное заглавие Героическая оборона Петропавловск-Камчатского в 1854 г.
Сведения, относящиеся к заглавию рекомендательный укзатель литературы
Первые сведения об ответственности Камч. обл. науч. б-ка им. С.П. Крашенинникова, Информ.-библиогр. отд.
Последующие сведения об ответственности [сост. Н.И. Курохтина и др.]
210 ## - ПУБЛИКАЦИЯ, РАСПРОСТРАНЕНИЕ И ДР.
Место издания, распространения и т.д. Петропавловск-Камчатский
Имя издателя, распространителя и т. д. Информ.-изд. отд. Камчатской областной научной библиотеки
Дата издания, распространения и т.д. 2004
215 ## - ФИЗИЧЕСКАЯ ХАРАКТЕРИСТИКА
Специфическое обозначение материала и объем 46 с.
Другие сведения о физической характеристике ил., цв. ил., портр.
Размеры 20
320 ## - ПРИМЕЧАНИЯ О НАЛИЧИИ В ДОКУМЕНТЕ БИБЛИОГРАФИИ / УКАЗАТЕЛЯ
Текст примечания Имен. указ.: с. 29
606 ## - НАИМЕНОВАНИЕ ТЕМЫ КАК ПРЕДМЕТ
Наименование темы Петропавловская оборона
Хронологический подзаголовок 1854
Формальный подзаголовок Библиография рекомендательная
Идентификатор авторитетной/нормативной записи RU\NLR\auth\661453035
Системный номер авторитетной/нормативной записи 2442693
686 ## - ИНДЕКСЫ ДРУГИХ КЛАССИФИКАЦИЙ
Индекс Ц35(2)472.15я15
686 ## - ИНДЕКСЫ ДРУГИХ КЛАССИФИКАЦИЙ
Индекс Т3(2)472-684.15я15
702 #1 - ИМЯ ЛИЦА - ВТОРИЧНАЯ ОТВЕТСТВЕННОСТЬ
Начальный элемент ввода Курохтина
Часть имени, кроме начального элемента ввода Н. И.
Расширение инициалов личного имени Надежда Ивановна
Код отношения Составитель
712 02 - НАИМЕНОВАНИЕ ОРГАНИЗАЦИИ - ВТОРИЧНАЯ ОТВЕТСТВЕННОСТЬ
Код отношения Прочие
Начальный элемент ввода Камчатская областная научная библиотека им. С. П. Крашенинникова
Идентифицирующий признак Петропавловск-Камчатский
Идентификатор авторитетной/нормативной записи RU\NLR\AUTH\889964502
Системный номер авторитетной/нормативной записи 425238
801 #0 - ИСТОЧНИК ЗАПИСИ
Страна российская федерация
Организация NLR
Дата составления 20060609
Правила каталогизации rcr
801 #1 - ИСТОЧНИК ЗАПИСИ
Страна российская федерация
Организация NLR
Дата составления 20060609
830 ## - ОБЩЕЕ ПРИМЕЧАНИЕ, СОСТАВЛЕННОЕ КАТАЛОГИЗАТОРОМ
Текст примечания сост. по базе
942 ## - ДОПОЛНИТЕЛЬНЫЕ ЭЛЕМЕНТЫ ЗАПИСИ (АБИС)
Тип экземпляра АБИС Книга
980 ## - КОЛЛЕКЦИЯ
Название коллекции Национальная библиография
Экземпляры
Тип экземпляра Дата поступления Источник поступления Библиотека постоянного хранения Библиотека текущего хранения Место хранения Шифр хранения Штрих-код Статус не для выдачи
Книга 09.06.2006 Контрольный экземпляр из типографии РНБ (Московский) РНБ (Московский) Центральная справочная библиотека С 2006-1/355 1-1601888